000 00390pab a2200145 454500
008 180718b2005 xxu||||| |||| 00| 0 eng d
100 _aBhatia, Michael V.
245 _aFighting words: naming terrorists, bandits, rebels and other violent actors
260 _c2005
300 _ap.5-22.
650 _aViolence
650 _aTerrorism
773 _aThird World Quarterly
909 _a65299
999 _c65299
_d65299